wszystkie pierwiastki chemiczne - Statystyki

Ogólne statystyki
  • Ten quiz został rozwiązany 90 razy
  • Średni wynik to 9 z 15
Statystyki odpowiedzi
Podpowiedź Pierwiastek % Poprawnych
Zaczyna się na literę Ż Żelazo
76%
Zaczyna się na literę P Potas
71%
Zaczyna się na literę R Rad
66%
Zaczyna się na literę B Brom
62%
Zaczyna się na literę F Fosfor
62%
Zaczyna się na literę Z Złoto
62%
Zaczyna się na literę G Glin
61%
Zaczyna się na literę T Tlen
61%
Zaczyna się na literę W Węgiel
58%
Zaczyna się na literę A Azot
55%
Zaczyna się na literę W Wodór
54%
Zaczyna się na literę K Krzem
50%
Zaczyna się na literę C Chlor
49%
Zaczyna się na literę N Neon
43%
Zaczyna się na literę S Srebro
37%
Nie znaleziono quizów pasujących do podanych kryteriów
Rozkład punktacji
Procent ludzi z każdym wynikiem
Percentyl według liczby udzielonych odpowiedzi
Twoja historia wyników
Nie rozwiązałeś tego quizu